01380nam a2200301Ia 4500003001000000005001700010007000300027008004100030020001500071040003500086041000800121082001700129100003800146245010700184250002400291264004800315300002200363336002700385337003300412338002800445490002600473500005200499505018000551650018700731942001200918999001500930952013300945CO-BoRNBP20230511153202.0ta170306s9999 xx 000 0 und d a9589613640 aCO-BoRNBPbspaerdacCO-BoRNBP aspa a372.427 Y26e aYepes Osorio, Luis Bernardo91936 0aElaboración de proyectos institucionales de promoción de la lectura /c Luis Bernardo Yepes Osorio a4a ed., rev. y aum. aMedellín :b Comfenalco Antioquia,c 2007 a92 p. :b cuadros atextobtxt2rdacontent asin mediaciónbn2rdamedia avolumenbnc2rdacarrier aFomento de la lectura aIncluye índice analítico al final del texto aQuées un proyecto Elementos de un proyecto Pasos en la elaboración de un proyecto Guía de organismos internacionales que apoyan proyectos de promoción de la lectura aPedagogia - Proyectos \ Promocion De La Lectura En Las Bibliotecas \ Promocion De La Lectura En Las Escuelas \ Elaboracion De Proyectos \ Proyecto Educativo Institucional2LEMB91945 2ddccBK c9518d9518 00102ddc40708GENaMEGUAMALbMEGUAMALcGENd2023-05-11l0o028.55 Y27epGUA003547r2023-05-11 00:00:00tEj.1w2023-05-11yBK